00708nam a2200157 a 4500008004100000050001300041100002100054245011200075260003900187350000900226650006400235710001500299995010000314999001700414952011900431120416s2003 ||||||||||||||||| || u aIBRD(02) aHonohan, Patrick10aTaxation of financial intermediation: theory and practice for emerging economiescedited by Patrick Honohan aWashington, D.C.bWorld Bankc2003 a0.00 aFINANCIAL SERVICES INDUSTRY--TAXATION--DEVELOPING COUNTRIES aWorld Bank D0.00FCBU-MAIN LIBRARY (Kitwe)H1I0.00M1UAVAILABLEWDec 13, 2007ZInternational Publications c59418d59418 00102lcc4070a001b001cInternational Publicationsd2022-11-30l0oIBRD(02)p38136r2022-11-30w2022-11-30y002